00469nam a2200193 a 4500001001300000003000900013005001700022008003800039020001000077082002100087100001700108245003500125260001300160300000900173500003500182505001300217650002800230700001700258nice12345678IN_TiNIC20260116011855.0050524s1958 a grp 000 0 urd  ac10000a305.6946097bAHM aAhmad, Wasim aSikh Muslim Itehad Ka Guldasta abc1958 a167p aincludes index and biblioraphy2 aarchives aIslam-Relations Sikhism1 aAhmad, Wasim